[Event "WSCC 65 Open 2017"]
[Site "?"]
[Date "2017.11.16"]
[Round "9"]
[White "Balashov, Yuri S"]
[Black "Jansa, Vlastimil"]
[Result "0-1"]
[WhiteElo "2437"]
[BlackElo "2425"]
[Annotator "TA"]
[PlyCount "78"]
[EventDate "2017.??.??"]
[EventType "swiss"]
[EventCountry "ITA"]
[SourceTitle "Acqui Terme"]

{[%evp 31,78,-46,-37,-55,-45,-62,-48,-48,-48,-52,-48,-48,-43,-43,-43,-49,-48,-54,-56,-77,-69,-190,-151,-130,-50,-54,-45,-85,-66,-72,-72,-75,-66,-77,-72,-64,-59,-131,-136,-189,-166,-197,-177,-143,-33,-29995,-29996,-29996,567]} 1. c4 g6 2. g3 Bg7 3. Nc3 c5 4. Bg2 Nc6 5. Nf3 {[%cal Bg1f3,Bf3e1,Be1c2,Bc2e3,Be3c4][%mdl 32]} e5 6. O-O d6 7. d3 Nge7 8. a3 O-O 9. Rb1 a5 10. Ne1 Be6 11. Nc2 d5 12. cxd5 Nxd5 13. Ne3 Nde7 14. Nc4 Rb8 {A37: Englische Eröffnung (Symmetrische Variante)} 15. Nb5 (15. Bg5 f6 16. Be3 Nd4 17. b4 axb4 18. axb4 b5 19. Nd2 cxb4 20. Rxb4 Qa5 21. Qb1 Nec6 22. Bxc6 Nxc6 {1-0 (68) Anand,V (2785)-Tregubov,P (2607) Bastia 2014}) 15... Qd7 16. Bd2 b6 {LiveBook: 7 Partien. Schwarz steht etwas besser.} 17. Rc1 Rfd8 18. a4 $146 ({Vorgänger:} 18. Bg5 f6 19. Be3 Nf5 20. a4 Nxe3 21. fxe3 f5 {0-1 (40) Dumitran,O (2380)-Negulescu,A (2380) Bucharest 1995}) 18... Bh3 19. Bg5 Bxg2 20. Kxg2 h6 21. Bxe7 Qxe7 22. Qb3 Nb4 23. Nd2 Kh7 24. Qc4 f5 25. Rfd1 Rd7 26. Qb3 ({Besser ist} 26. Nb1 $15) 26... Rbd8 27. Nc4 {[#]} Qf6 (27... e4 $1 $17 {[%cal Re4d3]} 28. Nxb6 exd3 29. Nxd7 dxe2) 28. Nc3 $15 h5 29. Na2 Nxa2 30. Qxa2 e4 {Droht ...f4 und aus.} 31. Qb3 exd3 32. Rxd3 Rxd3 33. exd3 Qc6+ 34. f3 (34. Kg1 $15) 34... Re8 $17 {( -> ...Te2+)} 35. Qd1 (35. Qc2 $17) 35... g5 $19 {[%cal Bg6g5,Bg5g4][%mdl 32]} 36. Qd2 g4 $36 {[%mdl 2048] Läuft bei Schwarz.} 37. Rf1 Bd4 (37... Re6 $17 38. Qg5 Re2+ 39. Kh1 Qe6) 38. Qg5 $2 {[%mdl 8192]} (38. h4 $15) 38... Re2+ 39. Kh1 {[#]} Qxf3+ $1 {[%mdl 33280] Precision: Weiß = 35%, Schwarz = 69%. . Loss on Time!?} 0-1

[Event "WSCC 65 Open 2017"]
[Site "?"]
[Date "2017.11.16"]
[Round "9"]
[White "Komljenovic, Davorin"]
[Black "Frick, Christoph"]
[Result "0-1"]
[WhiteElo "2379"]
[BlackElo "2230"]
[PlyCount "70"]
[EventDate "2017.??.??"]
[EventType "swiss"]
[EventCountry "ITA"]
[SourceTitle "Acqui Terme"]
[TimeControl "40/5400+30:1800+30"]
[WhiteClock "0:27:39"]
[BlackClock "0:36:15"]

1. d4 {[%emt 0:02:13]} d5 {[%emt 0:00:08]} 2. c4 {[%emt 0:00:04]} c6 {[%emt 0:00:04]} 3. Nf3 {[%emt 0:00:09]} Nf6 {[%emt 0:00:07]} 4. Nc3 {[%emt 0:00:03]} dxc4 {[%emt 0:00:11]} 5. a4 {[%emt 0:00:06]} Bf5 {[%emt 0:00:06]} 6. Ne5 {[%emt 0:06:02]} Nbd7 {[%emt 0:00:30]} 7. Nxc4 {[%emt 0:00:05]} Nb6 {[%emt 0:00:09]} 8. Ne5 {[%emt 0:00:13]} a5 {[%emt 0:00:11]} 9. f3 {[%emt 0:01:27]} Nfd7 {[%emt 0:00:05]} 10. Nd3 {[%emt 0:00:22]} Bxd3 {[%emt 0:00:55]} 11. Qxd3 {[%emt 0:00:06]} e5 {[%emt 0:01:19]} 12. dxe5 {[%emt 0:03:22]} Nxe5 {[%emt 0:02:40]} 13. Qe4 {[%emt 0:08:56]} Qe7 {[%emt 0:04:32]} 14. Be3 {[%emt 0:22:05]} Nbc4 {[%emt 0:14:14]} 15. Bd4 {[%emt 0:00:44]} f6 {[%emt 0:05:51]} 16. O-O-O {[%emt 0:07:10]} Qb4 {[%emt 0:15:10]} 17. Qc2 {[%emt 0:01:55]} Bc5 {[%emt 0:02:17]} 18. Na2 {[%emt 0:01:46]} Qb6 {[%emt 0:01:05]} 19. e3 {[%emt 0:00:26]} Bxd4 {[%emt 0:01:05]} 20. exd4 {[%emt 0:00:04]} Ne3 {[%emt 0:00:55]} 21. Qe2 {[%emt 0:09:02]} Nxd1 {[%emt 0:01:52]} 22. dxe5 {[%emt 0:00:03]} O-O-O {[%emt 0:00:44]} 23. g3 {[%emt 0:01:45]} Nf2 {[%emt 0:00:39]} 24. exf6 {[%emt 0:03:12]} Rhe8 {[%emt 0:03:47]} 25. Qc4 {[%emt 0:00:52]} gxf6 {[%emt 0:03:22]} 26. Rg1 {[%emt 0:01:37]} Nd3+ {[%emt 0:02:27]} 27. Bxd3 {[%emt 0:00:05]} Qxg1+ {[%emt 0:00:13]} 28. Kc2 {[%emt 0:00:06]} Qxh2+ {[%emt 0:00:43]} 29. Kb3 {[%emt 0:00:21]} Qxg3 {[%emt 0:00:55]} 30. Bxh7 {[%emt 0:02:09]} Qxf3+ {[%emt 0:00:59]} 31. Nc3 {[%emt 0:00:22]} Re3 {[%emt 0:00:46]} 32. Ka3 {[%emt 0:00:46]} f5 {[%emt 0:01:18]} 33. Qc5 {[%emt 0:00:16]} Rd5 {[%emt 0:01:41]} 34. Qf8+ {[%emt 0:00:39]} Kc7 {[%emt 0:00:19]} 35. Bg8 {[%emt 0:01:18]} Rxc3+ {[%emt 0:00:26]} 0-1

[Event "WSCC 65 Open 2017"]
[Site "?"]
[Date "2017.11.16"]
[Round "9"]
[White "Povah, Nigel E"]
[Black "Gutkin, Boris"]
[Result "1-0"]
[WhiteElo "2295"]
[BlackElo "2250"]
[PlyCount "51"]
[EventDate "2017.??.??"]
[EventType "swiss"]
[EventCountry "ITA"]
[SourceTitle "Acqui Terme"]
[TimeControl "40/5400+30:1800+30"]
[WhiteClock "0:18:20"]
[BlackClock "0:02:38"]

1. d4 {[%emt 0:00:00]} d5 {[%emt 0:00:24]} 2. Bg5 {[%emt 0:01:22]} c6 {[%emt 0:07:37]} 3. e3 {[%emt 0:03:04]} Qb6 {[%emt 0:07:57]} 4. Qc1 {[%emt 0:01:09]} Bf5 {[%emt 0:02:04]} 5. Nf3 {[%emt 0:00:34]} h6 {[%emt 0:01:28]} 6. Bh4 {[%emt 0:01:18]} e6 {[%emt 0:01:17]} 7. c4 {[%emt 0:00:52]} Nd7 {[%emt 0:11:17]} 8. Nc3 {[%emt 0:02:13]} Ngf6 {[%emt 0:03:03]} 9. Be2 {[%emt 0:04:34]} Be7 {[%emt 0:02:16]} 10. O-O {[%emt 0:05:03]} O-O {[%emt 0:04:46]} 11. h3 {[%emt 0:05:49]} Rfe8 {[%emt 0:02:13]} 12. c5 {[%emt 0:03:10]} Qd8 {[%emt 0:02:12]} 13. Bg3 {[%emt 0:01:21]} Ne4 {[%emt 0:02:06]} 14. Nxe4 {[%emt 0:05:03]} Bxe4 {[%emt 0:00:16]} 15. Nd2 {[%emt 0:08:30]} Bg6 {[%emt 0:01:26]} 16. b4 {[%emt 0:05:16]} Bf8 {[%emt 0:21:24]} 17. Qc3 {[%emt 0:02:58]} f6 {[%emt 0:03:33]} 18. Bd3 {[%emt 0:02:03]} Bxd3 {[%emt 0:01:44]} 19. Qxd3 {[%emt 0:00:06]} e5 {[%emt 0:00:27]} 20. b5 {[%emt 0:03:55]} Qa5 {[%emt 0:08:16]} 21. Rfb1 {[%emt 0:01:36]} Rac8 {[%emt 0:03:02]} 22. a4 {[%emt 0:10:05]} Qc7 {[%emt 0:04:33]} 23. a5 {[%emt 0:05:40]} Qd8 {[%emt 0:04:52]} 24. bxc6 {[%emt 0:05:20]} bxc6 {[%emt 0:00:07]} 25. Rb7 {[%emt 0:02:31]} Bxc5 {[%emt 0:02:02]} 26. Qf5 {[%emt 0:01:08]} 1-0

[Event "WSCC 65 Open 2017"]
[Site "?"]
[Date "2017.11.16"]
[Round "9"]
[White "Pritchett, Craig W"]
[Black "Malisov, Boris"]
[Result "1/2-1/2"]
[WhiteElo "2280"]
[BlackElo "2240"]
[PlyCount "129"]
[EventDate "2017.??.??"]
[EventType "swiss"]
[EventCountry "ITA"]
[SourceTitle "Acqui Terme"]
[TimeControl "40/5400+30:1800+30"]
[WhiteClock "0:02:18"]
[BlackClock "0:01:13"]

1. e4 {[%emt 0:00:00]} g6 {[%emt 0:01:11]} 2. d4 {[%emt 0:00:00]} Bg7 {[%emt 0:00:08]} 3. Nf3 {[%emt 0:00:42]} c6 {[%emt 0:01:07]} 4. Bd3 {[%emt 0:04:21]} d5 {[%emt 0:00:43]} 5. e5 {[%emt 0:00:16]} Na6 {[%emt 0:01:02]} 6. c3 {[%emt 0:02:08]} Nc7 {[%emt 0:01:30]} 7. O-O {[%emt 0:00:38]} Nh6 {[%emt 0:00:58]} 8. Re1 {[%emt 0:04:33]} O-O {[%emt 0:00:58]} 9. h3 {[%emt 0:04:07]} f6 {[%emt 0:05:03]} 10. Bf4 {[%emt 0:05:36]} Ne6 {[%emt 0:00:04]} 11. Bh2 {[%emt 0:03:06]} f5 {[%emt 0:06:18]} 12. c4 {[%emt 0:05:37]} b6 {[%emt 0:00:44]} 13. Nc3 {[%emt 0:00:24]} Bb7 {[%emt 0:00:28]} 14. cxd5 {[%emt 0:07:42]} cxd5 {[%emt 0:01:16]} 15. Qa4 {[%emt 0:00:39]} f4 {[%emt 0:11:05]} 16. Bb5 {[%emt 0:05:42]} Nf5 {[%emt 0:39:51]} 17. Rad1 {[%emt 0:16:14]} Bh6 {[%emt 0:01:50]} 18. Bc6 {[%emt 0:09:31]} Bxc6 {[%emt 0:05:03]} 19. Qxc6 {[%emt 0:00:05]} Nc7 {[%emt 0:00:35]} 20. e6 {[%emt 0:03:17]} Qd6 {[%emt 0:02:36]} 21. Ne5 {[%emt 0:08:08]} Qxc6 {[%emt 0:01:16]} 22. Nxc6 {[%emt 0:00:05]} Rf6 {[%emt 0:05:43]} 23. Re5 {[%emt 0:08:23]} Rxe6 {[%emt 0:00:59]} 24. Rxe6 {[%emt 0:00:10]} Nxe6 {[%emt 0:00:08]} 25. Nxd5 {[%emt 0:00:18]} Kf8 {[%emt 0:05:43]} 26. b4 {[%emt 0:04:01]} g5 {[%emt 0:02:18]} 27. g3 {[%emt 0:01:58]} Bg7 {[%emt 0:02:03]} 28. gxf4 {[%emt 0:00:09]} gxf4 {[%emt 0:00:08]} 29. Nxf4 {[%emt 0:00:53]} Nexd4 {[%emt 0:01:39]} 30. Nxd4 {[%emt 0:00:14]} Nxd4 {[%emt 0:00:02]} 31. Rxd4 {[%emt 0:00:19]} Bxd4 {[%emt 0:00:01]} 32. Ne6+ {[%emt 0:00:07]} Kf7 {[%emt 0:00:14]} 33. Nxd4 {[%emt 0:00:02]} Rc8 {[%emt 0:00:11]} 34. Nb5 {[%emt 0:04:15]} Rc4 {[%emt 0:00:02]} 35. a3 {[%emt 0:01:17]} a6 {[%emt 0:00:21]} 36. Nc7 {[%emt 0:00:26]} a5 {[%emt 0:00:17]} 37. bxa5 {[%emt 0:01:04]} bxa5 {[%emt 0:00:02]} 38. Be5 {[%emt 0:00:56]} Re4 {[%emt 0:00:44]} 39. Bc3 {[%emt 0:00:47]} Ra4 {[%emt 0:01:01]} 40. Nb5 {[%emt 0:00:06]} Ke6 {[%emt 0:30:33]} 41. Bb2 {[%emt 0:31:10]} Rh4 {[%emt 0:00:51]} 42. Kg2 {[%emt 0:00:00]} Kd5 {[%emt 0:00:00]} 43. Kg3 {[%emt 0:00:00]} Rh6 {[%emt 0:00:00]} 44. Nc3+ {[%emt 0:00:00]} Kc4 {[%emt 0:00:00]} 45. Ne2 {[%emt 0:00:00]} Rb6 {[%emt 0:00:00]} 46. Bc1 {[%emt 0:00:00]} Kd3 {[%emt 0:00:00]} 47. Nf4+ {[%emt 0:00:00]} Kc4 {[%emt 0:00:00]} 48. Kf3 {[%emt 0:00:00]} e5 {[%emt 0:00:00]} 49. Ng2 {[%emt 0:00:00]} Rb3+ {[%emt 0:00:00]} 50. Ke4 {[%emt 0:00:00]} Rxh3 {[%emt 0:00:00]} 51. Ne3+ {[%emt 0:01:58]} Kb3 {[%emt 0:00:00]} 52. Kxe5 {[%emt 0:00:23]} Rf3 {[%emt 0:00:00]} 53. Bd2 {[%emt 0:01:19]} a4 {[%emt 0:00:00]} 54. Bb4 {[%emt 0:00:34]} Rxf2 {[%emt 0:00:00]} 55. Ng4 {[%emt 0:01:25]} Re2+ {[%emt 0:00:00]} 56. Kf5 {[%emt 0:00:35]} h5 {[%emt 0:00:00]} 57. Ne5 {[%emt 0:00:39]} h4 {[%emt 0:00:00]} 58. Nd3 {[%emt 0:00:14]} Kc4 {[%emt 0:01:10]} 59. Nf4 {[%emt 0:00:53]} Rh2 {[%emt 0:05:41]} 60. Kg4 {[%emt 0:00:13]} Kb3 {[%emt 0:01:00]} 61. Nd3 {[%emt 0:00:51]} Kc4 {[%emt 0:01:06]} 62. Nf4 {[%emt 0:00:10]} Rh1 {[%emt 0:02:36]} 63. Nh3 {[%emt 0:00:48]} Kb3 {[%emt 0:01:26]} 64. Nf4 {[%emt 0:00:13]} Ra1 {[%emt 0:01:32]} 65. Nd3 {[%emt 0:00:31]} 1/2-1/2

[Event "WSCC 65 Open 2017"]
[Site "?"]
[Date "2017.11.16"]
[Round "9"]
[White "Shevelev, Arkady"]
[Black "Okhotnik, Vladimir"]
[Result "1/2-1/2"]
[WhiteElo "2280"]
[BlackElo "2434"]
[Annotator "TA"]
[PlyCount "96"]
[EventDate "2017.??.??"]
[EventType "swiss"]
[EventCountry "ITA"]
[SourceTitle "Acqui Terme"]

{[%evp 24,96,7,0,4,5,14,11,23,-5,0,0,0,-5,0,0,0,0,8,10,30,-14,-8,-16,0,0,0,0,0,-9,-12,-41,-12,-19,-17,-13,0,0,0,0,24,20,18,18,17,0,1,8,21,9,8,0,0,0,0,0,0,0,0,0,0,0,0,0,0,0,0,0,0,0,0,0,0,0,0]} 1. e4 c5 2. Nf3 d6 3. d4 cxd4 4. Nxd4 Nf6 5. Nc3 g6 6. g3 Nc6 7. Bg2 Nxd4 8. Qxd4 Bg7 9. O-O O-O 10. Qd3 Be6 11. Nd5 Nxd5 {B70: Sicilian Dragon: 6 g3 and 6 Be2 (without a later Be3)} (11... Rc8 12. c3 a6 13. Re1 Nd7 14. a4 Ne5 15. Qd1 Re8 16. h3 Nc4 17. Kh2 Bd7 18. Re2 b5 19. axb5 Bxb5 {½-½ (74) Karjakin,S (2781)-Topalov,V (2749) Paris 2017}) 12. exd5 Bf5 13. Qe2 {LiveBook: 12 Games} Qd7 14. c3 Rfc8 15. Re1 b5 {[#]} 16. Bd2 $146 ({Predecessor:} 16. Bf1 Rab8 17. Qxe7 b4 18. Qxd7 Bxd7 19. cxb4 Rxb4 {1-0 (49) Malakhov,V (2670)-Palac,M (2574) Warsaw 2005}) 16... Rc7 17. Rac1 a5 18. a3 Rac8 19. Be3 Rb8 20. Qd2 b4 21. axb4 axb4 22. Bd4 bxc3 23. bxc3 Qa4 24. Bxg7 Kxg7 25. h3 h5 26. Ra1 Qc4 27. Bf1 Qc5 28. c4 Rb3 {...Rxg3+ is the strong threat.} 29. Ra5 Qb6 {Hoping for ...Rxg3+.} 30. Rb5 $1 {[%cal Rb5b6]} Rxb5 31. cxb5 Rc2 32. Qf4 $1 e5 {The position is equal.} 33. dxe6 $1 fxe6 34. Rd1 e5 $132 {[%mdl 2048] Black is fighting back} 35. Qe3 Qc5 36. Qxc5 dxc5 37. Bd3 Bxd3 38. Rxd3 $11 {[%mdl 4096] Endgame KR-KR} Rb2 39. Rd5 Rxb5 40. Rxe5 Kf6 41. f4 Rb1+ 42. Kf2 Rb2+ 43. Kf3 Rb3+ 44. Kf2 c4 45. Rc5 Rc3 46. g4 h4 47. Rc6+ Kf7 48. g5 Rxh3 {Precision: White = 72%, Black = 62%.} 1/2-1/2

[Event "WSCC 65 Open 2017"]
[Site "?"]
[Date "2017.11.16"]
[Round "9"]
[White "Hess, Christian"]
[Black "Vasiukov, Evgeni"]
[Result "0-1"]
[WhiteElo "2236"]
[BlackElo "2404"]
[PlyCount "130"]
[EventDate "2017.??.??"]
[EventType "swiss"]
[EventCountry "ITA"]
[SourceTitle "Acqui Terme"]
[TimeControl "40/5400+30:1800+30"]

1. Nf3 Nf6 2. c4 d6 3. d4 c6 4. Nc3 Bf5 5. g3 h6 6. Bg2 Nbd7 7. d5 c5 8. Nh4 Bh7 9. f4 a6 10. a4 Qc7 11. O-O Rg8 12. Nf3 Ne4 13. Bh3 Ndf6 14. Nxe4 Nxe4 15. Nd2 Nf6 16. a5 g5 17. Qa4+ Kd8 18. e4 gxf4 19. Rxf4 h5 20. Bf5 Bxf5 21. Rxf5 h4 22. Kg2 hxg3 23. hxg3 Bh6 24. Qc2 Ng4 25. Nf3 e6 26. Rh5 Bxc1 27. Qxc1 Qe7 28. Qf4 e5 29. Qd2 Nf6 30. Rh4 Kc7 31. b4 Nd7 32. Rb1 f5 33. b5 axb5 34. cxb5 b6 35. Ra1 Qg7 36. Qf2 bxa5 37. Qe1 f4 38. g4 a4 39. g5 Nb6 40. Qc3 Rh8 41. Rxf4 Kb7 42. Rf6 Qd7 43. Re6 Rhe8 44. Rf6 Rf8 45. Re6 Rae8 46. Qa5 Ra8 47. Qc3 Rae8 48. Qa5 Rxe6 49. Qa6+ Kc7 50. Qa7+ Kc8 51. Qa6+ Qb7 52. dxe6 Re8 53. Rh1 Qxa6 54. bxa6 Kc7 55. Rh7+ Kc6 56. Nd2 Rxe6 57. a7 Re8 58. Kf2 Rg8 59. Ke2 Rxg5 60. Nc4 Rg8 61. Na5+ Kb5 62. Nb7 a3 63. Nxd6+ Kc6 64. Nb7 c4 65. Na5+ Kb5 0-1

[Event "WSCC 65 Open 2017"]
[Site "?"]
[Date "2017.11.16"]
[Round "9"]
[White "Primbetov, Marat"]
[Black "Van Riemsdijk, Herman C"]
[Result "0-1"]
[WhiteElo "2222"]
[BlackElo "2284"]
[PlyCount "94"]
[EventDate "2017.??.??"]
[EventType "swiss"]
[EventCountry "ITA"]
[SourceTitle "Acqui Terme"]
[TimeControl "40/5400+30:1800+30"]
[WhiteClock "0:27:14"]
[BlackClock "0:32:30"]

1. e4 {[%emt 0:00:00]} e5 {[%emt 0:00:15]} 2. Nf3 {[%emt 0:01:05]} Nc6 {[%emt 0:00:09]} 3. Bb5 {[%emt 0:00:31]} a6 {[%emt 0:00:08]} 4. Ba4 {[%emt 0:00:08]} Nf6 {[%emt 0:00:10]} 5. d3 {[%emt 0:00:47]} b5 {[%emt 0:00:33]} 6. Bb3 {[%emt 0:00:01]} Be7 {[%emt 0:00:12]} 7. Nbd2 {[%emt 0:00:57]} d6 {[%emt 0:00:24]} 8. c3 {[%emt 0:00:07]} Na5 {[%emt 0:00:29]} 9. Bc2 {[%emt 0:00:02]} c5 {[%emt 0:00:10]} 10. O-O {[%emt 0:00:38]} O-O {[%emt 0:00:10]} 11. Re1 {[%emt 0:00:04]} Nd7 {[%emt 0:00:19]} 12. Nf1 {[%emt 0:00:25]} Bf6 {[%emt 0:02:31]} 13. Ng3 {[%emt 0:03:04]} g6 {[%emt 0:00:14]} 14. Bh6 {[%emt 0:00:23]} Re8 {[%emt 0:00:44]} 15. a3 {[%emt 0:01:48]} Nb6 {[%emt 0:00:36]} 16. h3 {[%emt 0:03:21]} Nc6 {[%emt 0:21:49]} 17. Be3 {[%emt 0:12:37]} a5 {[%emt 0:10:36]} 18. Nh2 {[%emt 0:08:50]} Be6 {[%emt 0:20:05]} 19. Ng4 {[%emt 0:00:51]} Bg7 {[%emt 0:01:55]} 20. f4 {[%emt 0:06:11]} exf4 {[%emt 0:04:14]} 21. Bxf4 {[%emt 0:00:13]} Ne5 {[%emt 0:01:35]} 22. Nxe5 {[%emt 0:05:03]} dxe5 {[%emt 0:00:13]} 23. Be3 {[%emt 0:00:19]} Rc8 {[%emt 0:05:06]} 24. Qf3 {[%emt 0:01:12]} Qf6 {[%emt 0:04:15]} 25. Qe2 {[%emt 0:01:45]} Qh4 {[%emt 0:00:21]} 26. Nf1 {[%emt 0:03:54]} Rc6 {[%emt 0:06:11]} 27. Nd2 {[%emt 0:01:26]} Qe7 {[%emt 0:02:51]} 28. Nf3 {[%emt 0:00:40]} a4 {[%emt 0:01:43]} 29. Qf2 {[%emt 0:02:48]} Rec8 {[%emt 0:02:08]} 30. Rf1 {[%emt 0:00:26]} Bb3 {[%emt 0:01:19]} 31. Rac1 {[%emt 0:01:58]} Rd8 {[%emt 0:02:09]} 32. Bb1 {[%emt 0:00:55]} Nd7 {[%emt 0:00:35]} 33. d4 {[%emt 0:03:30]} cxd4 {[%emt 0:06:51]} 34. cxd4 {[%emt 0:01:29]} Rxc1 {[%emt 0:00:24]} 35. Rxc1 {[%emt 0:00:16]} exd4 {[%emt 0:00:09]} 36. Nxd4 {[%emt 0:01:17]} Ne5 {[%emt 0:01:38]} 37. Kh1 {[%emt 0:06:39]} Qd7 {[%emt 0:01:24]} 38. Rf1 {[%emt 0:24:36]} Ng4 {[%emt 0:01:56]} 39. hxg4 {[%emt 0:00:33]} Bxd4 {[%emt 0:00:06]} 40. g5 {[%emt 0:00:49]} Bxe3 {[%emt 0:30:26]} 41. Qxe3 {[%emt 0:30:02]} Qd2 {[%emt 0:00:23]} 42. Qc3 {[%emt 0:06:18]} Qxg5 {[%emt 0:01:54]} 43. e5 {[%emt 0:01:02]} Bd5 {[%emt 0:01:02]} 44. Qh3 {[%emt 0:00:00]} Qxe5 {[%emt 0:00:00]} 45. Bd3 {[%emt 0:00:00]} Qxb2 {[%emt 0:00:00]} 46. Rb1 {[%emt 0:00:00]} Qxg2+ {[%emt 0:00:00]} 47. Qxg2 {[%emt 0:00:00]} Bxg2+ {[%emt 0:00:00]} 0-1

[Event "WSCC 65 Open 2017"]
[Site "?"]
[Date "2017.11.16"]
[Round "9"]
[White "Hardicsay, Peter"]
[Black "Lisenko, Alexander V"]
[Result "1/2-1/2"]
[WhiteElo "2213"]
[BlackElo "2372"]
[PlyCount "58"]
[EventDate "2017.??.??"]
[EventType "swiss"]
[EventCountry "ITA"]
[SourceTitle "Acqui Terme"]
[TimeControl "40/5400+30:1800+30"]

1. c4 c5 2. Nf3 Nc6 3. Nc3 e6 4. g3 Nf6 5. Bg2 d5 6. cxd5 Nxd5 7. O-O Be7 8. d4 Nxc3 9. bxc3 Qa5 10. Bb2 O-O 11. e3 Rd8 12. Nd2 Qc7 13. Qh5 b6 14. Rfd1 Bb7 15. Rac1 Rac8 16. Nb3 g6 17. Qe2 Bf8 18. c4 cxd4 19. exd4 Qe7 20. Re1 Bh6 21. Rcd1 Qf8 22. d5 exd5 23. Bxd5 Ba8 24. Qf3 Bg7 25. Bf6 Bxf6 26. Qxf6 Qg7 27. Qf4 Qf8 28. Qf6 Qg7 29. Qf4 Qf8 1/2-1/2

[Event "WSCC 65 Open 2017"]
[Site "?"]
[Date "2017.11.18"]
[Round "10"]
[White "Bischoff, Klaus"]
[Black "Welling, Gerard"]
[Result "1/2-1/2"]
[WhiteElo "2513"]
[BlackElo "2316"]
[Annotator "TA"]
[PlyCount "62"]
[EventDate "2017.??.??"]
[EventType "swiss"]
[EventCountry "ITA"]
[SourceTitle "Acqui Terme"]

{[%evp 19,62,28,39,0,0,0,10,-11,-6,-12,-12,-25,-22,-19,-21,-10,-4,-14,-17,-21,-8,-16,0,-7,-7,-3,0,-7,-6,-7,0,-5,0,0,0,-14,0,0,0,0,0,0,0,0,0]} 1. d4 d5 2. c4 e6 3. Nc3 c5 4. cxd5 exd5 5. Nf3 Nc6 6. Bg5 Be7 7. Bxe7 Ngxe7 8. e3 cxd4 9. Nxd4 O-O 10. Be2 Qb6 {LiveBook: 10 Games. D32: Tarrasch Defence: Sidelines and lines without g3} 11. Nxc6 Nxc6 12. Nxd5 Qxb2 $146 13. Qc1 Qe5 14. Nf4 Qa5+ 15. Qd2 Qxd2+ 16. Kxd2 {The position is equal.} Rd8+ 17. Kc3 Bf5 {White should prevent ...g5.} 18. g4 g5 19. Nh5 Be6 {[#] Strongly threatening ...Rac8.} 20. Rhd1 Rdc8 21. Kb2 Nb4 {And now ...Rc2+ would win.} 22. Rd2 Rc6 23. a3 $132 {[%mdl 2048] White is fighting back} Na6 $1 24. Rad1 {[#] Threatening mate with Rd8+.} Kf8 25. Rd6 Rac8 26. Rxc6 Rxc6 27. Rd8+ Ke7 28. Ra8 Rb6+ 29. Kc1 Rc6+ 30. Kb2 Rb6+ 31. Kc1 Rc6+ {Precision: White = 64%, Black = 77%.} 1/2-1/2

[Event "WSCC 65 Open 2017"]
[Site "?"]
[Date "2017.11.18"]
[Round "10"]
[White "Prie, Eric"]
[Black "Prasad, Devaki V"]
[Result "1-0"]
[WhiteElo "2482"]
[BlackElo "2290"]
[Annotator "TA"]
[PlyCount "48"]
[EventDate "2017.??.??"]
[EventType "swiss"]
[EventCountry "ITA"]
[SourceTitle "Acqui Terme"]

{[%evp 18,48,9,0,28,26,32,22,35,33,47,42,48,26,22,25,26,26,26,17,33,26,56,1,169,189,179,150,171,177,29983,29984,29997]} 1. d4 Nf6 2. Nf3 g6 3. Nc3 d5 4. Bf4 Bg7 5. Nb5 Na6 6. e3 {D00: 1 d4 d5: Unusual lines} O-O 7. h3 c6 8. Nc3 Nb8 (8... Nc7 9. Be2 Bf5 10. O-O Rc8 11. Bh2 Ne4 12. Nxe4 Bxe4 13. c3 {½-½ (55) Aronian,L (2799)-Vachier Lagrave,M (2804) Tbilisi 2017}) 9. Bd3 c5 10. O-O {LiveBook: 4 Games} cxd4 11. exd4 Nc6 12. Qd2 $146 ({Predecessor:} 12. Re1 Be6 13. Qd2 Nb4 14. Be2 {½-½ (63) Voveris,G (2263)-Evans,G (2262) ICCF email 2007}) 12... a6 13. Rfe1 Re8 14. Rad1 b5 15. a3 Bb7 16. Bh6 Bh8 17. Ne2 Ne4 18. Qf4 Qb8 19. Qh4 f5 20. Nf4 (20. Bf4 $14 Qc8 21. Bxe4 fxe4 22. Ng5) 20... e6 $2 {[#]} (20... Nd8 $11 {and Black stays safe.}) 21. Bxe4 $1 $40 {[%mdl 128] White has strong attack.} dxe4 22. Ng5 Bf6 23. Qg3 {aiming for Nxh7!} Nd8 $2 (23... Bxg5 $18 24. Qxg5 (24. Bxg5 Qc7 $16) 24... Qd8) 24. Nxh7 $1 e3 {Precision: White = 47%, Black = 19%.} 1-0

[Event "WSCC 65 Open 2017"]
[Site "?"]
[Date "2017.11.17"]
[Round "10"]
[White "Okhotnik, Vladimir"]
[Black "Vaisser, Anatoly"]
[Result "*"]
[WhiteElo "2434"]
[BlackElo "2503"]
[Annotator "TA"]
[PlyCount "46"]
[EventDate "2017.??.??"]
[EventType "swiss"]
[EventCountry "ITA"]
[SourceTitle "Acqui Terme"]

{[%evp 21,46,35,34,0,34,29,43,50,37,44,67,63,82,0,0,0,0,0,0,0,0,0,0,0,0,10,66]} 1. e4 c5 2. c3 e6 3. d4 d5 4. exd5 exd5 5. Nf3 Nc6 6. Bb5 Bd6 7. O-O Nge7 8. dxc5 Bxc5 9. Nbd2 O-O 10. Nb3 Bd6 11. Re1 Bg4 {LiveBook: 41 Games} 12. g3 $146 {C09: French Tarrasch: 3...c5 4 exd5 exd5 5 Ngf3 Nc6} ({Predecessor:} 12. Bg5 h6 13. Bh4 Re8 14. Be2 Qb6 15. Nfd4 Bxe2 16. Rxe2 Nxd4 17. Nxd4 Nc6 18. Nf5 Bf8 19. Nxh6+ gxh6 20. Rxe8 Rxe8 {½-½ (20) Ma,Q (2595)-Tomczak,J (2569) Hastings 2014}) 12... f5 13. Be2 Qd7 14. Nfd4 {White is slightly better.} Rae8 15. Ne6 Qxe6 16. Bxg4 Qf7 {[#]} 17. Bh5 (17. Bh3 $1 $16) 17... g6 $1 $11 {[%cal Rg6h5] The position is equal.} 18. Bf3 {And now Bh6 would win.} f4 $1 {[%cal Rf4g3] Hoping for ...fxg3.} 19. Rf1 Ne5 20. Bxf4 {Strongly threatening Bh1.} Nxf3+ 21. Qxf3 g5 22. Qg4 Bxf4 23. gxf4 h5 ({Black should try} 23... Qxf4 $11 24. Qxf4 Rxf4) *

[Event "WSCC 65 Open 2017"]
[Site "?"]
[Date "2017.11.18"]
[Round "10"]
[White "Antonio, Rogelio Jr"]
[Black "Bagaturov, Giorgi"]
[Result "1/2-1/2"]
[WhiteElo "2431"]
[BlackElo "2399"]
[Annotator "TA"]
[PlyCount "52"]
[EventDate "2017.??.??"]
[EventType "swiss"]
[EventCountry "ITA"]
[SourceTitle "Acqui Terme"]

{[%evp 10,52,28,29,27,-40,16,15,16,14,19,19,21,0,0,-8,-2,-11,-12,-33,0,-30,-31,-39,-19,-25,15,2,22,-16,-15,-35,-16,-15,-16,0,-14,-33,-26,-25,-36,-56,0,0,0]} 1. e4 c5 2. Nf3 e6 3. Nc3 Nc6 4. Bb5 Nd4 5. O-O a6 6. Bd3 Nc6 {B30: Sicilian: 2...Nc6 3 Bb5, lines without ...g6} 7. Re1 (7. Be2 $11) 7... d6 (7... g5 $1 $15 8. g3 g4) 8. Bf1 $11 Nf6 9. d4 cxd4 10. Nxd4 Qc7 11. a4 $146 ({Predecessor:} 11. Nxc6 bxc6 12. Na4 c5 13. Bf4 Qc6 14. Nc3 {1-0 (73) Tiviakov,S (2648)-Caruana,F (2549) Vlissingen 2007}) 11... Be7 12. Nb3 b6 13. Qf3 O-O 14. Qg3 Re8 15. f4 Nb4 16. Bd3 e5 17. f5 d5 {Threatens to win with ...dxe4.} 18. Bh6 {[%csl Gh6][%cal Rg3g7] [#]} g6 19. Nxd5 (19. Rf1 {with more complications.} Nxd3 20. cxd3 dxe4 21. dxe4 Bb7 22. Rac1) 19... Nfxd5 20. exd5 Nxd3 21. fxg6 hxg6 ({But not} 21... Bc5+ $2 22. Nxc5 (22. Kf1 hxg6 23. cxd3 Bb7 $11) 22... Qxc5+ 23. Be3 $18) 22. cxd3 Bb7 23. Rac1 Qd7 24. Nd2 ({Wrong is} 24. Qxe5 $2 Bf8 $19) 24... Bxd5 25. Nc4 Bc5+ ({Don't blunder} 25... Qxa4 $2 26. Nxb6 Qb4 27. Nxd5 $18) (25... Bxc4 $1 $15 26. Rxc4 Bc5+ 27. Kh1 Qf5) 26. Be3 Bxc4 {Precision: White = 40%, Black = 60%.} 1/2-1/2